000 00740nam a2200217 i 4500
001 C2-0304923
003 PPAK
005 20180728090040.0
008 100711s27 my a|||| ||||| | may d
040 _aPPAK
_beng
_cPPAK
_erda
082 0 4 _a027.1595
_223
090 0 0 _a027.1595
_bMAJ
_dKK
245 0 0 _aMajlis penyampaian hadiah
_bPertandingan Perpustakaan Keluarga, Jabatan & Cawangan peringkat Negeri Kedah Darul Aman
264 1 _aSungai Petani, Kedah :
_bPerpustakaan Awam Sungai Petani ,
_c27 Mac 2007
300 _a12 pages :
_billustrations ;
_c29 cm
336 _2rdacontent
_atext
337 _2rdamedia
_aunmediated
338 _2rdacarrier
_avolume
650 1 0 _aPrivate libraries, Handbooks, Manual, etc.
942 _ddc
_cB
999 _c107972
_d107972